<?xml version="1.0" encoding="UTF-8"?><record xmlns="http://www.loc.gov/MARC21/slim" xmlns:zs="http://docs.oasis-open.org/ns/search-ws/sruResponse">
  <leader>01869cim a2200385 a 4500</leader>
  <controlfield tag="001">5628439</controlfield>
  <controlfield tag="005">20250607223200.9</controlfield>
  <controlfield tag="007">st omndmannnue</controlfield>
  <controlfield tag="008">911008s1977    dcunnn   z     p    eng  </controlfield>
  <datafield ind1=" " ind2=" " tag="035">
    <subfield code="a">5628439</subfield>
  </datafield>
  <datafield ind1=" " ind2=" " tag="906">
    <subfield code="a">7</subfield>
    <subfield code="b">cbc</subfield>
    <subfield code="c">orignew</subfield>
    <subfield code="d">2</subfield>
    <subfield code="e">ncip</subfield>
    <subfield code="f">19</subfield>
    <subfield code="g">y-genmusic</subfield>
  </datafield>
  <datafield ind1=" " ind2=" " tag="955">
    <subfield code="a">qu45 2004-06-25 (rev.)</subfield>
  </datafield>
  <datafield ind1=" " ind2=" " tag="955">
    <subfield code="a">LCAP batch update 2025-06-02-04:00: LCAPM-1022</subfield>
  </datafield>
  <datafield ind1=" " ind2=" " tag="010">
    <subfield code="a">   91740794 </subfield>
  </datafield>
  <datafield ind1="0" ind2=" " tag="033">
    <subfield code="a">19770223</subfield>
    <subfield code="b">3850</subfield>
  </datafield>
  <datafield ind1=" " ind2=" " tag="035">
    <subfield code="9">(DLC)   91740794</subfield>
  </datafield>
  <datafield ind1=" " ind2=" " tag="040">
    <subfield code="a">DLC</subfield>
    <subfield code="c">DLC</subfield>
  </datafield>
  <datafield ind1="0" ind2="0" tag="050">
    <subfield code="a">LWO 9401</subfield>
  </datafield>
  <datafield ind1="1" ind2=" " tag="100">
    <subfield code="a">Lorde, Audre.</subfield>
  </datafield>
  <datafield ind1="1" ind2="0" tag="240">
    <subfield code="a">Poems.</subfield>
    <subfield code="k">Selections</subfield>
  </datafield>
  <datafield ind1="1" ind2="0" tag="245">
    <subfield code="a">Audre Lorde reading her poems with comment in the Recording Laboratory, Feb. 23, 1977</subfield>
    <subfield code="h">[sound recording].</subfield>
  </datafield>
  <datafield ind1=" " ind2=" " tag="260">
    <subfield code="c">1977.</subfield>
  </datafield>
  <datafield ind1=" " ind2=" " tag="300">
    <subfield code="a">1 sound tape reel (55 min.) :</subfield>
    <subfield code="b">analog, 7 1/2 ips, full track, mono. ;</subfield>
    <subfield code="c">10 in. +</subfield>
    <subfield code="e">program information ([2] p.)</subfield>
  </datafield>
  <datafield ind1=" " ind2=" " tag="306">
    <subfield code="a">005500</subfield>
  </datafield>
  <datafield ind1=" " ind2=" " tag="336">
    <subfield code="a">spoken word</subfield>
    <subfield code="b">spw</subfield>
    <subfield code="2">rdacontent</subfield>
  </datafield>
  <datafield ind1=" " ind2=" " tag="337">
    <subfield code="a">audio</subfield>
    <subfield code="b">s</subfield>
    <subfield code="2">rdamedia</subfield>
  </datafield>
  <datafield ind1=" " ind2=" " tag="338">
    <subfield code="a">audiotape reel</subfield>
    <subfield code="b">st</subfield>
    <subfield code="2">rdacarrier</subfield>
  </datafield>
  <datafield ind1=" " ind2=" " tag="500">
    <subfield code="a">Recorded for the Archive of Recorded Poetry and Literature.</subfield>
  </datafield>
  <datafield ind1="0" ind2=" " tag="505">
    <subfield code="a">From Between ourselves: Power ; School note ; Solstice ; Scar ; Between ourselves ; A woman/dirge for wasted children -- From New York head shop and museum: Cables to rage or I've been talking on this street corner a hell of a long time ; Love poem ; Monkeyman ; Oya ; Blackstudies -- From A land where other people live: For each of you ; Teacher ; Movement song -- Coal -- Rites of passage -- From The black unicorn: In the house of Yemanjá ; Sequellae ; Chair.</subfield>
  </datafield>
  <datafield ind1=" " ind2=" " tag="530">
    <subfield code="a">Also available in digital form on the Library of Congress Web site.</subfield>
  </datafield>
  <datafield ind1="2" ind2=" " tag="710">
    <subfield code="a">Archive of Recorded Poetry and Literature (Library of Congress)</subfield>
  </datafield>
  <datafield ind1="4" ind2="1" tag="856">
    <subfield code="d">gdcarpl</subfield>
    <subfield code="f">1490319-4-1</subfield>
    <subfield code="u">http://hdl.loc.gov/loc.mbrsrs/poetryarch.91740794</subfield>
  </datafield>
  <datafield ind1=" " ind2=" " tag="953">
    <subfield code="a">TA28</subfield>
  </datafield>
  <datafield ind1=" " ind2=" " tag="985">
    <subfield code="a">poetryarch</subfield>
  </datafield>
  <datafield ind1=" " ind2=" " tag="991">
    <subfield code="b">c-RecSound</subfield>
    <subfield code="h">Tape 9401</subfield>
    <subfield code="w">MUSIC</subfield>
  </datafield>
</record>
